00687nam a22001817a 4500003000900000005001700009007000300026008004100029020001800070040002500088082000700113111013800120245008300258260008000341300003600421490002400457830002400481DO-SdBNP20221110085244.0ta221110b2017 dr ac||| |||| 00| 0 spa d a9789945895490 aDO-SdBNPbspacBNPHU 42222 aConcurso de arte Eduardo León Jimenesd(2016: 20 de octubre al 19 de febrero 2017cSantiago de los Caballeros, Santo Domingon26: )10aconcurso de arte Eduardo León Jimenes :bexposición de obras seleccionadas aSantiago de los Caballeros, República Dominicana :bCentro León,c2017. a211 p. :bil., retrs. ;c31 cm.1 aCatálogo de obras 0aCatálogo de obras